[Event "Colombo Katubedda op"]
[Site "Colombo"]
[Date "2023.06.29"]
[Round "2"]
[White "Dissanayake, RKT"]
[Black "Bandara, BGSNR"]
[Result "1-0"]
[WhiteElo "1882"]
[BlackElo "1175"]
[PlyCount "61"]
[EventDate "2023.06.29"]
[EventType "swiss"]
[EventRounds "9"]
[EventCountry "SRI"]
[SourceTitle "EXT 2024"]
[Source "ChessBase"]
[SourceDate "2023.10.10"]
[SourceVersion "1"]
[SourceVersionDate "2023.10.10"]
[SourceQuality "1"]

1. e4 e5 2. Nf3 Nc6 3. Bb5 Nf6 4. d3 d6 5. c3 Bg4 6. h3 Bh5 7. Qa4 Qd7 8. Nbd2 a6 9. d4 Be7 10. d5 0-0 11. dxc6 axb5 12. Qxa8 Qxc6 13. Qa3 Nxe4 14. 0-0 Nxd2 15. Nxd2 f5 16. f4 exf4 17. Rxf4 Bg5 18. Rf1 Qb6+ 19. Kh1 Be2 20. Qb3+ Kh8 21. Rg1 Be3 22. Re1 Bh5 23. Nf1 Bf2 24. Be3 Bxe3 25. Nxe3 f4 26. Qd5 Bf7 27. Qf3 fxe3 28. Rxe3 Kg8 29. Rf1 d5 30. Qxf7+ Rxf7 31. Re8+ 1-0